| 000 | 00483nam a2200181Ia 4500 | ||
|---|---|---|---|
| 008 | 240729s9999 xx 000 0 und d | ||
| 022 | _a2666-5921 | ||
| 245 | 0 | _aNatural Hazards Research | |
| 260 | _aChina | ||
| 260 | _bKeAi Communications Co. Ltd. | ||
| 650 | _a Geology | Science | ||
| 650 | _a Geophysics. Cosmic physics | ||
| 650 | _a Physics | ||
| 650 | _aScience | ||
| 856 | _uhttps://doaj.org/toc/24f3b21167364a92b7c77f09765b02ee | ||
| 942 | _2ddc | ||
| 942 | _cDOAJEJ | ||
| 999 |
_c68899 _d68899 |
||
| 945 |
_a1 _bMadushi Gamage _c1 _dMadushi Gamage |
||